Communes de la Loire (42) de plus de 10000 habitants - Statistiques

Statistiques générales
  • Ce quiz a été pris 93 fois
  • Le résultat moyen est 7 sur 10
Statistiques - réponses
Habitants Commune % Correct
172569 (préfecture) Saint-Etienne
100%
35364 Roanne
95%
16098 Montbrison
90%
35586 Saint-Chamond
85%
17128 Firminy
84%
15457 Rive-de-Gier
69%
10312 Andrézieux-Bouthéon
50%
15579 Saint-Just-Saint-Rambert
44%
12307 Le Chambon-Feugerolles
37%
11034 Riorges
35%
Aucun quiz correspondant
Distribution des résultats
% des personnes avec chaque résultat
Percentile par nombre de réponses
Votre historique - résultats
Vous n’avez pas pris ce quiz